| 000 | 00736nam a2200241 a 4500 | ||
|---|---|---|---|
| 001 | BRCA_8102 | ||
| 005 | 20190320210131.0 | ||
| 008 | 080414s1965----gw-a###f##---#000-0#ger-# | ||
| 041 | _ager | ||
| 044 | _agw | ||
| 050 | 4 |
_aNK1125 _b.K96 _c1965 |
|
| 245 | 1 | 0 |
_aKunstpreisverzeichnis _b1964-1965 |
| 260 |
_aMunchen _bKunst und Technik _c1965 |
||
| 300 |
_a560 p. _bil. _c21 cm. |
||
| 440 | 0 |
_aAuktion sergebnisse _p1.VII.1964 bis 30.VI.1965 _vBand XX _920158 |
|
| 500 | _aY149 | ||
| 500 | _aCatálogo de subastas inventariado como libro | ||
| 500 | _aMaterial inventariado por el Banco de México | ||
| 650 | 1 | 4 |
_aArtes decorativas _vSubastas _920159 |
| 650 | 1 | 4 |
_aArtes decorativas _vCatálogos _914086 |
| 902 | _aGFM | ||
| 942 |
_2lcc _cB |
||
| 999 |
_c7770 _d7770 |
||